000
00229 a2200097 4500
001
39963
100
_a
Deshpande J V
245
_a
Introduction to Topology
260
_a
New Delhi
_b
Tata McGraw Hill
_c
1988
090
_c
24953
_d
24953
942
_a
NUST-CAE
_c
M
_c
16617
999
_c
275036
_d
275036